Statistiques concernant Plus grands pays sans frontières

Cliquez ici pour prendre le quiz!

Statistiques générales

  • Ce quiz a été pris 79 fois
  • Le résultat moyen est 6 sur 7

Statistiques - réponses

km2Pays% Correct
7,692,024Australie
100%
587,041Madagascar
97%
270,467Nouvelle-Zélande
96%
377,930Japon
94%
109,884Cuba
94%
103,000Islande
89%
300,000Philippines
76%

Distribution des résultats

Percentile par nombre de réponses

% des personnes avec chaque résultat

Votre développement - résultats

Vous n’avez pas pris ce quiz